<?xml version="1.0" encoding="UTF-8"?>
<record
    xmlns:xsi="http://www.w3.org/2001/XMLSchema-instance"
    xsi:schemaLocation="http://www.loc.gov/MARC21/slim http://www.loc.gov/standards/marcxml/schema/MARC21slim.xsd"
    xmlns="http://www.loc.gov/MARC21/slim">

  <leader>01183nam a22002177a 4500</leader>
  <controlfield tag="005">20251212111433.0</controlfield>
  <controlfield tag="008">251211b        |||||||| |||| 00| 0 eng d</controlfield>
  <datafield tag="020" ind1=" " ind2=" ">
    <subfield code="a">9789698392345</subfield>
  </datafield>
  <datafield tag="040" ind1=" " ind2=" ">
    <subfield code="c">AL</subfield>
  </datafield>
  <datafield tag="041" ind1=" " ind2=" ">
    <subfield code="a">eng</subfield>
  </datafield>
  <datafield tag="082" ind1=" " ind2=" ">
    <subfield code="a">378.198</subfield>
    <subfield code="b">ANAB</subfield>
  </datafield>
  <datafield tag="100" ind1=" " ind2=" ">
    <subfield code="a">Amitabh Anand</subfield>
    <subfield code="9">248959</subfield>
  </datafield>
  <datafield tag="245" ind1=" " ind2=" ">
    <subfield code="a">Beyond good</subfield>
    <subfield code="b">: How to be a great PhD supervisor</subfield>
  </datafield>
  <datafield tag="260" ind1=" " ind2=" ">
    <subfield code="a">Mangalore</subfield>
    <subfield code="b">Global South Strategies</subfield>
    <subfield code="c">2025</subfield>
  </datafield>
  <datafield tag="300" ind1=" " ind2=" ">
    <subfield code="a">148p</subfield>
    <subfield code="b">PB</subfield>
    <subfield code="c">20.5x14.5</subfield>
  </datafield>
  <datafield tag="365" ind1=" " ind2=" ">
    <subfield code="2">Others</subfield>
    <subfield code="b">500.00</subfield>
    <subfield code="c">&#x20B9;</subfield>
    <subfield code="d">500.00</subfield>
    <subfield code="e">-</subfield>
    <subfield code="f">21-11-2025</subfield>
  </datafield>
  <datafield tag="521" ind1=" " ind2=" ">
    <subfield code="a">Understanding the Supervisors Responsibilities; Effective mentorship Techniques; Balancing guidance and Promoting Independent Thinking; Conflict Resolution in Supervision; Time management Prioritizing tasks and Responsibilities; Cultivating a Supportive Research Culture; Providing Constructive Feedback; Supporting Mental Health and Wett-being; the future of Ph D Supervision Adapting to changes; Supervisors role in Research ethics and conduct; Preparing Doctoral students for thesis defense; informative research tools for supervisors; Commandments for Supervisors</subfield>
  </datafield>
  <datafield tag="650" ind1=" " ind2=" ">
    <subfield code="a">Higher Education</subfield>
    <subfield code="9">248839</subfield>
  </datafield>
  <datafield tag="700" ind1=" " ind2=" ">
    <subfield code="a">Fernandes, Edmond</subfield>
    <subfield code="9">248960</subfield>
  </datafield>
  <datafield tag="942" ind1=" " ind2=" ">
    <subfield code="2">ddc</subfield>
    <subfield code="c">DB</subfield>
  </datafield>
  <datafield tag="999" ind1=" " ind2=" ">
    <subfield code="c">240717</subfield>
    <subfield code="d">240717</subfield>
  </datafield>
  <datafield tag="952" ind1=" " ind2=" ">
    <subfield code="0">0</subfield>
    <subfield code="1">0</subfield>
    <subfield code="2">ddc</subfield>
    <subfield code="4">0</subfield>
    <subfield code="7">0</subfield>
    <subfield code="8">OTH</subfield>
    <subfield code="a">AL</subfield>
    <subfield code="b">AL</subfield>
    <subfield code="c">SK</subfield>
    <subfield code="d">2025-12-11</subfield>
    <subfield code="g">500.00</subfield>
    <subfield code="l">0</subfield>
    <subfield code="o">378.198 ANAB</subfield>
    <subfield code="p">D06370</subfield>
    <subfield code="r">2025-12-11 11:44:23</subfield>
    <subfield code="v">500.00</subfield>
    <subfield code="w">2025-12-11</subfield>
    <subfield code="y">DB</subfield>
  </datafield>
</record>
